| 000 | 00630nam a2200181 a 4500 | ||
|---|---|---|---|
| 003 | AM-YeHGA | ||
| 005 | 20250618074955.0 | ||
| 008 | 181019s1953 ru a||||r|||||000|1|rus|| | ||
| 040 | _aAM-YeHGA | ||
| 041 | 1 |
_arus _hsah |
|
| 245 | 0 | 0 |
_aУ нас на Севере : _b[Литературно-художественный сборник]. |
| 260 |
_a[Якутск] : _bЯкуткнигоиздат, _c1953. |
||
| 300 |
_a179 с. : _bил. ; _c22 см. |
||
| 650 | 1 | 4 |
_aХудожественная литература _94918 |
| 650 | 1 | 4 |
_aЯкутская литература _xПроза |
| 942 |
_2udc _cBK |
||
| 090 | _c420114 | ||
| 999 |
_c417737 _d417737 |
||